000 00420nam a2200205Ia 4500
001 11963
003 GE_BSU
008 181216s||||||||xx |||||||||||||| ||und||
020 _a978007342624
040 _cGE_BSU
080 _a821.111-32
100 _aKoontz,Dean
245 _aReientless
260 _aLondon
260 _bHarper
260 _c2010.
300 _a400p;20cm.
653 _aReientless
942 _cBK
999 _c45140
_d45140